Technické vybavenie pre predhrev a dohrev zváraných konštrukcií

Salvato in:
Dettagli Bibliografici
Autore principale: Bogdáň, Erik, 1991- (Autore)
Altri autori: Sejč, Pavol, 1964- (Relatore della tesi)
Natura: Manoscritto Libro
Lingua:slovacco
Pubblicazione: Bratislava : STU v Bratislave SjF, 2014
Soggetti:
Accesso online:VAIS
Tags: Aggiungi Tag
Nessun Tag, puoi essere il primo ad aggiungerne!!

MARC

LEADER 00000ntm a22000003a 4500
001 stu295904
005 20150617230316.4
008 140823s2014----xo------------------slo-d
040 |a STU  |b slo 
041 0 |a slo 
044 |a xo 
100 1 |a Bogdáň, Erik,  |d 1991-  |4 aut  |u J  |T SjF Strojnícka fakulta  |X 44341  |U J  |Y 20  |7 A000044341 
242 0 0 |a Technical equipment for preheating and post heating of welded constructions  |y eng 
245 1 |a Technické vybavenie pre predhrev a dohrev zváraných konštrukcií 
260 |a Bratislava :  |b STU v Bratislave SjF,  |c 2014 
650 7 |a strojárske technológie a materiály  |2 stusub 
650 7 |a Production Processes and Materials  |2 estusub 
700 1 |a Sejč, Pavol,  |d 1964-  |4 ths  |u J280  |U SjF Ústav technológií a materiálov  |T SjF Katedra materiálov a technológií  |X 2300  |U J280  |Y 52  |7 A000002300 
856 4 |a info a plný text  |u http://is.stuba.sk/zp/portal_zp.pl?podrobnosti=83913  |3 VAIS 
996 |b 284J044327  |c J*1818/BP  |l JJSK  |s A  |a 24  |w stu295904_0001